| 000 | 00866cab a2200301 4500 | ||
|---|---|---|---|
| 001 | ABS48453 | ||
| 008 | 090401t1993 xxu||||| |||| 00| 0 eng d | ||
| 035 | _a(Sirsi) u66821 | ||
| 041 | _aeng | ||
| 100 | _aBrymer, S. | ||
| 245 | _aEssential aspects of rent review: Part II | ||
| 260 | _c1993 | ||
| 350 | _a0 | ||
| 490 |
_aProperty Law _v2, April 1993, 6-7(2) |
||
| 520 | _aSecond part of a two part article highlights areas of concern for both landlords and tenants and a number of Scottish cases. | ||
| 650 | _aASSUMPTIONS | ||
| 650 | _aBEST RENT | ||
| 650 | _aDISREGARDS | ||
| 650 | _aFAIR RENT | ||
| 650 | _aRENT REVIEWS | ||
| 650 | _aRESTRICTIVE USE CLAUSE | ||
| 650 | _aSCOTLAND | ||
| 650 | _aUPWARD ONLY RENT REVIEWS | ||
| 650 | _aVACANT POSSESSION | ||
| 690 | _aLANDLORD AND TENANT-RENT REVIEWS | ||
| 942 | _n0 | ||
| 948 | _c04/03/1997 | ||
| 999 |
_c41756 _d41756 |
||